000
00527nam a2200169Ia 4500
008
090711s9999 xx 000 0 und d
082
_b
48115
100
_a
रांगणेकर कुमुदिनी
245
_a
शकुनी मोहर
260
_c
1984
300
_a
191
600
_a
रांगणेकर कुमुदिनी
630
_a
शकुनी मोहर
700
_a
रांगणेकर कुमुदिनी
730
_a
शकुनी मोहर
942
_c
BOOK
999
_c
330553
_d
330553